O segredo do Natal (Registo nº 6079)

Detalhes MARC
000 -Etiqueta do registo
Valores 01273cam a2200241 4500
010 ## - Número ISBN
ISBN 9728943091
100 ## - Dados gerais de processamento
Dados gerais 20211231d2006 c||y0pory5003 ba
200 1# - Titulo e menção de responsabilidade
Título próprio O segredo do Natal
Primeira menção de responsabilidade Astrid Mola
Outras menções de responsabilidade il. Dorothea Ackroyd
-- trad. Diana Gomes
210 ## - Publicação
Local de publicação Rio de Mouro
Nome do editor Keditora
Data de publicação 2006
215 ## - Descrição física 
Paginação / Volumes [26] p.
Outras indicações físicas il.
330 ## - Sumário ou Resumo
Texto da nota O pequeno Rafael é um anjo-carteiro que leva as cartas com os pedidos de Natal à fábrica dos brinquedos que há no céu. E tem de se despachar: já não falta muito tempo para o Natal e ainda precisa de recolher alguns pedidos. Só que desta vez ele foi visto pelo Cristiano enquanto recolhia a sua lista na janela. Ninguém podia saber do segredo da fábrica dos brinquedos que há no céu. Será que o Cristiano vai guardar segredo? E o presente dele? O anjinho Rafael vai conseguir fazer com que o seu desejo se torne realidade? É que o Cristiano esqueceu-se de uma coisa muito importante…
606 ## - Nome comum usado como assunto
ID Autoridade 14
Palavra de ordem Literatura infantil
606 ## - Nome comum usado como assunto
ID Autoridade 13
Palavra de ordem Literatura Estrangeira
675 ## - CDU
Notação 82-93
Edição BN
Língua por
675 ## - CDU
Notação 821.1/.8
Edição BN
Língua por
700 ## - Autor principal (pessoa individual)
Apelido Mola
Nome Astrid
ID Autoridade 5786
702 ## - Autor secundário (pessoa individual)
Apelido Ackroyd
Nome Dorothea
ID Autoridade 5787
702 ## - Autor secundário (pessoa individual)
Apelido Gomes
Nome Diana
ID Autoridade 5788
801 #0 - Fonte de origem
País PT
Agência BMVN
Regras de catalogação RPC
830 ## - Notas gerais do catalogador
Criado por Ana Caetano
Data de criação 31/12/2021
990 ## - Elementos KOHA
Tipo de documento Livro
Exemplares
Situação do levantamento Biblioteca de origem Código de barras Cota Permissão de empréstimo Tipo de documento Forma de aquisição
  Biblioteca Municipal de Vendas Novas 100000037710 LI EST/MUL   Livro  

Powered by Koha